[Event "Hillerod Byturnering Basis 1 2004"]
[Site "Hillerod"]
[Date "2004.04.27"]
[Round "1"]
[White "Larsen, Steen"]
[Black "Paulsen, Laurids"]
[Result "1-0"]
[WhiteElo "1678"]
[BlackElo "1615"]
[PlyCount "83"]
[EventDate "2004.??.??"]

1. e4 e6 2. d4 d5 3. exd5 exd5 4. Nf3 Nf6 5. Bd3 Be7 6. h3 O-O 7. O-O c5 8. c3
Nc6 9. Bf4 c4 10. Bc2 b5 11. Nbd2 Bd7 12. Ne5 Re8 13. Re1 Qc8 14. Ndf3 Be6 15.
Ng5 Bf8 16. Nxe6 fxe6 17. Bg5 Be7 18. Bxf6 Bxf6 19. Qh5 Bxe5 20. Qxh7+ Kf8 21.
dxe5 Ke7 22. Qxg7+ Kd8 23. Re3 a5 24. Rf3 Ra7 25. Qg5+ Rae7 26. Re1 Kc7 27. Qe3
Rd8 28. Qc5 Qb7 29. Rf6 Kb8 30. Re3 Rc7 31. Rf8 Rxf8 32. Qxf8+ Rc8 33. Qd6+ Ka8
34. Qxe6 d4 35. cxd4 Nxd4 36. Qg6 Nxc2 37. Qxc2 Qd5 38. Qe4 Qxe4 39. Rxe4 b4
40. e6 c3 41. bxc3 bxc3 42. Re1 1-0

[Event "Hillerod Byturnering Basis 1 2004"]
[Site "Hillerod"]
[Date "2004.04.27"]
[Round "1"]
[White "Pedersen, Poul"]
[Black "Sondergaard, Jens"]
[Result "0-1"]
[WhiteElo "1564"]
[BlackElo "1642"]
[PlyCount "119"]
[EventDate "2004.??.??"]

1. d4 Nf6 2. Nf3 e6 3. c4 b6 4. Nc3 Bb7 5. e3 d6 6. Be2 Nbd7 7. O-O Be7 8. a3
O-O 9. b4 c5 10. bxc5 bxc5 11. Bb2 Ne4 12. Nxe4 Bxe4 13. Nd2 Bg6 14. Bf3 Rb8
15. Bc3 Qc7 16. d5 e5 17. e4 Rb7 18. Qc2 Rfb8 19. Rfb1 Rf8 20. Rxb7 Qxb7 21.
Rb1 Qa6 22. Rb5 Nb6 23. Be2 Bg5 24. Ra5 Qb7 25. Rb5 Qd7 26. a4 f5 27. f3 Be3+
28. Kh1 Qe7 29. Nf1 fxe4 30. fxe4 Bd4 31. Bxd4 exd4 32. Ng3 Qf6 33. Bf3 Be8 34.
Ra5 Qf7 35. Nf5 Qd7 36. Rb5 Qc7 37. a5 Nd7 38. Qd2 Ne5 39. Be2 Bxb5 40. cxb5 g6
41. Ng3 Qf7 42. h3 Qf2 43. Qg5 h6 44. Qe7 Qxg3 45. Qxd6 Rf2 46. Qd8+ Kg7 47.
Qc7+ Rf7 48. Qd6 Rd7 49. Qxc5 Qe1+ 50. Kh2 Qxe2 51. Qxd4 Kf6 52. b6 axb6 53.
axb6 Qd3 54. Qb4 Qc4 55. Qf8+ Kg5 56. h4+ Kh5 57. Qf4 Ng4+ 58. Kh3 Qd3+ 59. Qg3
Qe2 60. e5 0-1

[Event "Hillerod Byturnering Basis 1 2004"]
[Site "Hillerod"]
[Date "2004.04.27"]
[Round "1"]
[White "Seidenfaden, Borge"]
[Black "Svendsen, Niels Leth"]
[Result "0-1"]
[WhiteElo "1754"]
[BlackElo "1707"]
[PlyCount "74"]
[EventDate "2004.??.??"]

1. e4 e6 2. c4 c6 3. Nc3 d5 4. exd5 exd5 5. cxd5 cxd5 6. d4 Nf6 7. Bg5 Be7 8.
Nf3 O-O 9. Be2 Nc6 10. O-O h6 11. Bh4 Be6 12. Rc1 Rc8 13. Bd3 a6 14. h3 Qa5 15.
a3 b5 16. a4 b4 17. Nb1 Qb6 18. Re1 Na5 19. b3 Rxc1 20. Qxc1 Nxb3 21. Qb2 Na5
22. Qc2 Nc6 23. Bxa6 Nxd4 24. Nxd4 Qxd4 25. Bg3 Ne4 26. Bf4 Bf6 27. Be3 Qb2 28.
Qd3 Nc3 29. Bc1 Qa2 30. Nxc3 Bxc3 31. Re2 Qxa4 32. Bb5 Qa1 33. Rc2 d4 34. Kh2
Bb3 35. Rxc3 Qxc3 36. Qf1 Rc8 37. Bf4 Qc2 0-1

[Event "Hillerod Byturnering Basis 1 2004"]
[Site "Hillerod"]
[Date "2004.04.27"]
[Round "1"]
[White "Pedersen, Christopher RNH"]
[Black "Rasmussen, Ole"]
[Result "1/2-1/2"]
[WhiteElo "1601"]
[BlackElo "1637"]
[PlyCount "131"]
[EventDate "2004.??.??"]

1. e4 c5 2. Nf3 d6 3. d4 cxd4 4. Nxd4 Nf6 5. Nc3 a6 6. f3 e6 7. Be3 Be7 8. a4
Nc6 9. Bc4 Qc7 10. Nb3 Ne5 11. Be2 Nc4 12. Bxc4 Qxc4 13. Qd4 Qxd4 14. Bxd4 O-O
15. O-O e5 16. Be3 Bd7 17. Rfd1 Rfc8 18. Rd2 Bc6 19. Rad1 h6 20. a5 Bd7 21. Nc1
Rc4 22. N1a2 Rac8 23. Rd3 Be6 24. b3 R4c6 25. Bd2 Rc5 26. Ra1 d5 27. exd5 Nxd5
28. Nxd5 Rxd5 29. Rxd5 Bxd5 30. c4 Be6 31. Bc3 f6 32. Rd1 Rd8 33. Rxd8+ Bxd8
34. Nc1 b6 35. axb6 Bxb6+ 36. Kf1 Bf5 37. Ke2 e4 38. b4 exf3+ 39. Kxf3 Be6 40.
c5 Bd5+ 41. Kf2 Ba7 42. Nd3 Kf7 43. g3 Bc4 44. Ke3 Bb5 45. Nf4 a5 46. Kd4 axb4
47. Bxb4 Bc6 48. Ba5 Bb8 49. Nd3 Ke8 50. Bd2 g5 51. Nb4 Be5+ 52. Kc4 Kd7 53.
Be3 f5 54. Bd4 Bc7 55. Nd3 f4 56. Ne5+ Bxe5 57. Bxe5 f3 58. Bd4 Ke6 59. Kd3 Kf5
60. h3 h5 61. Ke3 g4 62. h4 Bb5 63. Kd2 Ke4 64. Bf2 Ba4 65. Kc3 Bb5 66. Kd2
1/2-1/2

[Event "Hillerod Byturnering Basis 1 2004"]
[Site "Hillerod"]
[Date "2004.05.04"]
[Round "2"]
[White "Rasmussen, Ole"]
[Black "Pedersen, Poul"]
[Result "1-0"]
[WhiteElo "1637"]
[BlackElo "1564"]
[PlyCount "75"]
[EventDate "2004.??.??"]

1. e4 c5 2. Nf3 e6 3. d4 cxd4 4. Nxd4 Nc6 5. Be2 a6 6. O-O Qc7 7. Nc3 Bc5 8.
Nb3 Ba7 9. Kh1 Nge7 10. f4 d6 11. a4 O-O 12. Bd2 Bd7 13. Qe1 Nb4 14. Bd3 Nxd3
15. cxd3 Qb6 16. Nc1 Nc6 17. Rb1 Nd4 18. N1e2 Nc2 19. Qd1 Ne3 20. Bxe3 Qxe3 21.
d4 Bxa4 22. Qxa4 b5 23. Qd1 b4 24. Rf3 Qxf3 25. gxf3 bxc3 26. bxc3 d5 27. e5
Rfc8 28. Qd3 Rc4 29. f5 exf5 30. Qxf5 Rc7 31. e6 Re8 32. Qxd5 fxe6 33. Qa5 Rc6
34. Rb7 Bb8 35. Qg5 Bc7 36. f4 g6 37. h4 Rf8 38. Qe7 1-0

[Event "Hillerod Byturnering Basis 1 2004"]
[Site "Hillerod"]
[Date "2004.05.04"]
[Round "2"]
[White "Sondergaard, Jens"]
[Black "Seidenfaden, Borge"]
[Result "0-1"]
[WhiteElo "1642"]
[BlackElo "1754"]
[PlyCount "66"]
[EventDate "2004.??.??"]

1. e4 c5 2. Nf3 Nc6 3. d4 cxd4 4. Nxd4 Nf6 5. Nc3 e5 6. Nf3 Bb4 7. Qd3 Qa5 8.
Bd2 Qd8 9. a3 Be7 10. Nd5 d6 11. Nxe7 Qxe7 12. Rd1 Bg4 13. Be2 d5 14. Qe3 Nxe4
15. Bc1 Rd8 16. h3 Bf5 17. O-O O-O 18. Bb5 d4 19. Qe2 Rfe8 20. Bd3 Nd6 21. Bxf5
Nxf5 22. Qe4 Nd6 23. Qg4 Qe6 24. Qg5 Qg6 25. Qd2 Nf5 26. Rfe1 h6 27. Re4 Ne3
28. Rg4 Nxg4 29. hxg4 Qxg4 30. Nh2 Qg6 31. Rf1 e4 32. Qf4 Ne5 33. Re1 Nf3+ 0-1

[Event "Hillerod Byturnering Basis 1 2004"]
[Site "Hillerod"]
[Date "2004.05.04"]
[Round "2"]
[White "Larsen, Steen"]
[Black "Pedersen, Christopher RNH"]
[Result "1-0"]
[WhiteElo "1678"]
[BlackElo "1601"]
[PlyCount "71"]
[EventDate "2004.??.??"]

1. e4 c5 2. Nc3 d6 3. f4 g6 4. d4 cxd4 5. Qxd4 Nf6 6. e5 dxe5 7. Qxd8+ Kxd8 8.
fxe5 Nfd7 9. Nf3 Nc6 10. Bf4 Bg7 11. O-O-O a6 12. Bc4 e6 13. Ne4 b5 14. Bb3 Kc7
15. Nd6 Nc5 16. Rd2 Nxb3+ 17. axb3 h6 18. g4 Rd8 19. Rhd1 Rd7 20. Bg3 Bf8 21.
Ne8+ Kd8 22. Nd6 Bxd6 23. exd6 Bb7 24. Be5 Ke8 25. Bf6 a5 26. h4 Kf8 27. h5 g5
28. Rh1 Nb8 29. Rh3 Bxf3 30. Rxf3 Ra6 31. Be7+ Kg8 32. Rdf2 Nc6 33. Rxf7 Ra8
34. Kd2 Nxe7 35. Rxe7 Rxd6+ 36. Ke3 1-0

[Event "Hillerod Byturnering Basis 1 2004"]
[Site "Hillerod"]
[Date "2004.05.04"]
[Round "2"]
[White "Paulsen, Laurids"]
[Black "Svendsen, Niels Leth"]
[Result "0-1"]
[WhiteElo "1615"]
[BlackElo "1707"]
[PlyCount "54"]
[EventDate "2004.??.??"]

1. d4 d5 2. c4 e6 3. Nc3 Nf6 4. Bg5 Be7 5. Nf3 O-O 6. e3 Nbd7 7. Bd3 c6 8. Qc2
dxc4 9. Bxc4 Nd5 10. Bxe7 Qxe7 11. O-O Nxc3 12. bxc3 e5 13. Bd3 h6 14. e4 Re8
15. Rfc1 exd4 16. cxd4 Nf6 17. e5 Nd5 18. a3 Be6 19. Nd2 Nf4 20. Be4 Rad8 21.
Qc3 Qg5 22. Bf3 Bd5 23. Nc4 Qe7 24. Nd6 Rf8 25. Bxd5 Nxd5 26. Qg3 Qd7 27. Rc4
Kh7 0-1

[Event "Hillerod Byturnering Basis 1 2004"]
[Site "Hillerod"]
[Date "2004.05.11"]
[Round "3"]
[White "Seidenfaden, Borge"]
[Black "Rasmussen, Ole"]
[Result "1/2-1/2"]
[WhiteElo "1754"]
[BlackElo "1637"]
[PlyCount "69"]
[EventDate "2004.??.??"]

1. e4 c5 2. Nf3 Nc6 3. d4 cxd4 4. Nxd4 Nf6 5. Nc3 e5 6. Ndb5 d6 7. Bg5 a6 8.
Na3 b5 9. Nd5 Qa5+ 10. Qd2 Qxd2+ 11. Bxd2 Nxd5 12. exd5 Ne7 13. c4 bxc4 14.
Bxc4 Bb7 15. O-O Nxd5 16. Rad1 Nf6 17. Rfe1 Be7 18. Bb4 O-O 19. Bxd6 Bxd6 20.
Rxd6 e4 21. Nc2 Rad8 22. Red1 Rxd6 23. Rxd6 a5 24. Ne3 Rb8 25. Rb6 Nd7 26. Rb5
a4 27. Nd5 Ba6 28. Rxb8+ Nxb8 29. Bxa6 Nxa6 30. Nc3 Nc5 31. Kf1 Kf8 32. Ke2 f5
33. f3 exf3+ 34. Kxf3 Kf7 35. Ne2 1/2-1/2

[Event "Hillerod Byturnering Basis 1 2004"]
[Site "Hillerod"]
[Date "2004.05.11"]
[Round "3"]
[White "Svendsen, Niels Leth"]
[Black "Sondergaard, Jens"]
[Result "1/2-1/2"]
[WhiteElo "1707"]
[BlackElo "1642"]
[PlyCount "105"]
[EventDate "2004.??.??"]

1. d4 Nf6 2. Nf3 e6 3. Bg5 Be7 4. Nbd2 b6 5. e3 Bb7 6. Bd3 d6 7. O-O Nbd7 8.
Qe2 h6 9. Bh4 O-O 10. c3 Rc8 11. Rad1 Nh5 12. Bxe7 Qxe7 13. Ba6 Bxa6 14. Qxa6
Ra8 15. Rfe1 c5 16. Qe2 Rac8 17. e4 Nf4 18. Qe3 Ng6 19. Nf1 e5 20. dxe5 dxe5
21. Ng3 Rfd8 22. Nf5 Qf8 23. Nd6 Rb8 24. Rd2 Nf6 25. Red1 Qe7 26. Nf5 Qe8 27.
Ng3 Rxd2 28. Rxd2 Rd8 29. Rxd8 Qxd8 30. Qd2 Qe8 31. Ne1 Qc6 32. f3 c4 33. Nf5
Qc5+ 34. Qf2 Qc7 35. g3 Qd7 36. Qe2 b5 37. a3 Kf8 38. Ne3 Ne7 39. Kg2 Qd6 40.
N3c2 a5 41. Kf1 Nd7 42. Ne3 Nc5 43. Qd1 Qc7 44. Ke2 g6 45. Nd5 Nxd5 46. Qxd5 f6
47. a4 bxa4 48. Qxc4 Qb6 49. Nd3 Nxd3 50. Kxd3 Qxb2 51. Qc8+ Ke7 52. Qc7+ Ke8
53. Qc8+ 1/2-1/2

[Event "Hillerod Byturnering Basis 1 2004"]
[Site "Hillerod"]
[Date "2004.05.11"]
[Round "3"]
[White "Pedersen, Christopher RNH"]
[Black "Paulsen, Laurids"]
[Result "0-1"]
[WhiteElo "1601"]
[BlackElo "1615"]
[PlyCount "54"]
[EventDate "2004.??.??"]

1. e4 e5 2. Nf3 Nc6 3. d4 exd4 4. Nxd4 Bc5 5. Be3 Bb6 6. Bc4 Nf6 7. Nc3 O-O 8.
Nxc6 bxc6 9. Bg5 Qe7 10. Qe2 d6 11. O-O-O Be6 12. f4 Ba5 13. e5 Bxc3 14. bxc3
Bxc4 15. Qxc4 dxe5 16. Bxf6 Qxf6 17. fxe5 Qxe5 18. Qxc6 Rab8 19. Qf3 Rb6 20.
Rd4 Rfb8 21. Rhd1 Rb1+ 22. Kd2 Qg5+ 23. Ke2 Rxd1 24. Kxd1 g6 25. Rd7 Rb1+ 26.
Ke2 Qe5+ 27. Kd2 Qe1+ 0-1

[Event "Hillerod Byturnering Basis 1 2004"]
[Site "Hillerod"]
[Date "2004.05.11"]
[Round "3"]
[White "Pedersen, Poul"]
[Black "Larsen, Steen"]
[Result "1-0"]
[WhiteElo "1564"]
[BlackElo "1678"]
[PlyCount "115"]
[EventDate "2004.??.??"]

1. d4 Nf6 2. Nf3 g6 3. Bf4 Bg7 4. e3 O-O 5. h3 c5 6. c3 cxd4 7. exd4 d5 8. Bd3
b6 9. O-O Nbd7 10. Re1 Bb7 11. Nbd2 Rc8 12. a4 e6 13. Qb3 a6 14. Qd1 Re8 15.
Qe2 a5 16. Qd1 Nb8 17. Bb5 Re7 18. Ne5 Nc6 19. Nxc6 Bxc6 20. Ba6 Ra8 21. Bd3
Bb7 22. Nf3 Ne4 23. Nd2 f5 24. Nf3 h6 25. Be5 Nf6 26. h4 Ba6 27. Bxa6 Rxa6 28.
Qc1 Kh7 29. Qf4 Ne4 30. Bxg7 Rxg7 31. Ne5 g5 32. hxg5 hxg5 33. Qe3 Qf6 34. f3
Ng3 35. Kf2 Rga7 36. Rg1 f4 37. Qd3+ Qf5 38. Qxf5+ Nxf5 39. Ke2 Kg8 40. Ng4 Kf8
41. Kd3 Rh7 42. Rae1 Ke7 43. Re5 Kd6 44. Rge1 Raa7 45. b3 Ng3 46. Rxg5 Nf5 47.
Nf2 Rh2 48. Nh3 Rf7 49. Nxf4 Nxd4 50. Rg4 Nxb3 51. Rxe6+ Kd7 52. Rxb6 Nc5+ 53.
Kd4 Nxa4 54. Rb5 Kc6 55. Rxa5 Nb6 56. Rc5+ Kb7 57. Nxd5 Rd7 58. Rg5 1-0

[Event "Hillerod Byturnering Basis 1 2004"]
[Site "Hillerod"]
[Date "2004.05.18"]
[Round "4"]
[White "Rasmussen, Ole"]
[Black "Svendsen, Niels Leth"]
[Result "1/2-1/2"]
[WhiteElo "1637"]
[BlackElo "1707"]
[PlyCount "78"]
[EventDate "2004.??.??"]

1. e4 e6 2. d4 d5 3. Nd2 dxe4 4. Nxe4 Nd7 5. Bd3 Ngf6 6. Be3 Be7 7. c3 O-O 8.
Nf3 b6 9. Ne5 Bb7 10. Qc2 Nxe4 11. Bxe4 Bxe4 12. Qxe4 Nf6 13. Qf3 Qd5 14. Qxd5
Nxd5 15. Nc6 Bd6 16. O-O Ne7 17. Nxe7+ Bxe7 18. a4 a5 19. Rfe1 Rfd8 20. g3 Rac8
21. h4 c5 22. Rad1 Kf8 23. dxc5 Bxc5 24. Bxc5+ bxc5 25. Kf1 Ke7 26. Ke2 Rb8 27.
Rxd8 Rxd8 28. Ke3 Rd5 29. Re2 Kd6 30. f4 e5 31. f5 f6 32. b3 Rd1 33. c4 Rd4 34.
Kf3 Rd3+ 35. Re3 Rxe3+ 36. Kxe3 h5 37. Ke4 Kc6 38. Kf3 Kd7 39. Ke4 Kc6 1/2-1/2

[Event "Hillerod Byturnering Basis 1 2004"]
[Site "Hillerod"]
[Date "2004.05.18"]
[Round "4"]
[White "Paulsen, Laurids"]
[Black "Sondergaard, Jens"]
[Result "1-0"]
[WhiteElo "1615"]
[BlackElo "1642"]
[PlyCount "63"]
[EventDate "2004.??.??"]

1. e4 e5 2. Nf3 Nc6 3. Bc4 Bc5 4. c3 Nge7 5. O-O O-O 6. d4 exd4 7. cxd4 Bb6 8.
Bg5 Qe8 9. a3 d6 10. Nc3 Bg4 11. Be2 Bxf3 12. Bxf3 Nxd4 13. Bg4 f6 14. Be3 Ndc6
15. Re1 Bxe3 16. Rxe3 Ng6 17. Qb3+ Kh8 18. Qxb7 Rb8 19. Qxc7 Nce5 20. Bh5 Rxb2
21. Qxa7 Qc6 22. Qd4 Nf4 23. Bd1 Rc8 24. Nd5 Nxd5 25. exd5 Qb7 26. Qe4 Rc4 27.
Qf5 Qxd5 28. Bb3 h6 29. Bxc4 Qxc4 30. h3 Qf7 31. Rb1 Qa2 32. Rxb2 1-0

[Event "Hillerod Byturnering Basis 1 2004"]
[Site "Hillerod"]
[Date "2004.05.18"]
[Round "4"]
[White "Pedersen, Christopher RNH"]
[Black "Pedersen, Poul"]
[Result "1-0"]
[WhiteElo "1601"]
[BlackElo "1564"]
[PlyCount "41"]
[EventDate "2004.??.??"]

1. e4 c5 2. Nf3 e6 3. c3 Nf6 4. e5 Nd5 5. d4 cxd4 6. cxd4 d6 7. Bc4 Nb6 8. Bb3
dxe5 9. Nxe5 Bb4+ 10. Nc3 Qc7 11. Bd2 g6 12. Rc1 Nc6 13. Nxc6 bxc6 14. a3 Be7
15. Ne4 Bb7 16. Nc5 Rd8 17. Nxb7 Qxb7 18. Qf3 Rc8 19. O-O Bf6 20. Bb4 Nd5 21.
Bc5 1-0

[Event "Hillerod Byturnering Basis 1 2004"]
[Site "Hillerod"]
[Date "2004.05.18"]
[Round "4"]
[White "Larsen, Steen"]
[Black "Seidenfaden, Borge"]
[Result "1/2-1/2"]
[WhiteElo "1678"]
[BlackElo "1754"]
[PlyCount "76"]
[EventDate "2004.??.??"]

1. e4 c5 2. Nc3 Nc6 3. f4 d6 4. Bb5 Bd7 5. Nf3 a6 6. Bxc6 Bxc6 7. O-O Nf6 8. d3
e6 9. Bd2 Be7 10. Qe1 O-O 11. e5 Ne8 12. Qg3 g6 13. Ne4 Bxe4 14. dxe4 Ng7 15.
Rad1 d5 16. exd5 exd5 17. Qh3 Qc8 18. Qxc8 Raxc8 19. g4 d4 20. c3 Rfd8 21. cxd4
cxd4 22. Ba5 Rd5 23. Bc3 Rcd8 24. Be1 Ne6 25. Nd2 Nc5 26. Nc4 Nd7 27. Rf3 Nb8
28. Rdd3 b5 29. Nd2 g5 30. fxg5 Bxg5 31. Bg3 Nc6 32. Ne4 Be3+ 33. Rdxe3 dxe3
34. Nf6+ Kg7 35. Nxd5 Rxd5 36. Rxe3 Nd4 37. Kf2 Ne6 38. Re2 Kg6 1/2-1/2

[Event "Hillerod Byturnering Basis 1 2004"]
[Site "Hillerod"]
[Date "2004.05.25"]
[Round "5"]
[White "Pedersen, Poul"]
[Black "Paulsen, Laurids"]
[Result "1/2-1/2"]
[WhiteElo "1564"]
[BlackElo "1615"]
[PlyCount "81"]
[EventDate "2004.??.??"]

1. d4 f5 2. e4 fxe4 3. Nc3 Nf6 4. Bg5 d5 5. Bxf6 exf6 6. Qh5+ g6 7. Qxd5 Qe7 8.
Qxe4 Qxe4+ 9. Nxe4 f5 10. Nc3 Bb4 11. Bc4 Nd7 12. Nf3 Nb6 13. Bb3 Bd7 14. O-O
O-O-O 15. Ne5 Be8 16. Rad1 Rf8 17. a3 Be7 18. Rfe1 Bf6 19. f4 Kb8 20. Re3 g5
21. fxg5 Bxg5 22. Rh3 h6 23. a4 a5 24. Kh1 c6 25. Ne2 Nd7 26. Nxd7+ Bxd7 27. c3
Rde8 28. Ng1 f4 29. Rhd3 Bf5 30. R3d2 Re3 31. Nf3 Rfe8 32. h4 Bf6 33. Bc2 Bg4
34. Rf1 Bxf3 35. Rxf3 Re1+ 36. Kh2 Bxh4 37. Kh3 Bg3 38. Kg4 R1e2 39. Rfd3 Kc7
40. Bd1 R2e3 41. Bf3 1/2-1/2

[Event "Hillerod Byturnering Basis 1 2004"]
[Site "Hillerod"]
[Date "2004.05.25"]
[Round "5"]
[White "Sondergaard, Jens"]
[Black "Rasmussen, Ole"]
[Result "1-0"]
[WhiteElo "1642"]
[BlackElo "1637"]
[PlyCount "92"]
[EventDate "2004.??.??"]

1. e4 c5 2. Nf3 d6 3. Nc3 Nc6 4. d3 g6 5. Be2 Bg7 6. O-O Nf6 7. Ne1 Nd4 8. Be3
Nxe2+ 9. Nxe2 Ng4 10. Bc1 e5 11. f3 Nf6 12. c3 h5 13. Qb3 h4 14. Bg5 Qd7 15.
Qc2 Rh5 16. Qd2 Nh7 17. Be3 Qe7 18. Rd1 Be6 19. a3 O-O-O 20. b4 f5 21. Qc2 f4
22. Bf2 h3 23. g3 g5 24. g4 Rh6 25. Qa4 b6 26. c4 Qb7 27. Nc3 Nf6 28. Rb1 Bd7
29. Nb5 Kb8 30. Qc2 Bc6 31. a4 Bxb5 32. cxb5 cxb4 33. Rxb4 Rc8 34. Qa2 d5 35.
Nc2 Bf8 36. Rbb1 dxe4 37. dxe4 Nd7 38. Nb4 Nc5 39. Nc6+ Rhxc6 40. bxc6 Qxc6 41.
Rbc1 Qxa4 42. Qd5 Qe8 43. Bxc5 Rd8 44. Qc4 Rc8 45. Qd5 Rd8 46. Qb3 Rc8 1-0

[Event "Hillerod Byturnering Basis 1 2004"]
[Site "Hillerod"]
[Date "2004.05.25"]
[Round "5"]
[White "Svendsen, Niels Leth"]
[Black "Larsen, Steen"]
[Result "1-0"]
[WhiteElo "1707"]
[BlackElo "1678"]
[PlyCount "57"]
[EventDate "2004.??.??"]

1. d4 Nf6 2. Nf3 g6 3. Nbd2 Bg7 4. e4 d6 5. c3 O-O 6. Be2 Nbd7 7. O-O e5 8.
dxe5 Nxe5 9. Nxe5 dxe5 10. Qc2 Qe7 11. a4 Be6 12. Bc4 Nh5 13. Bxe6 fxe6 14. Nc4
Nf4 15. Be3 Rad8 16. Rad1 c6 17. a5 Qg5 18. f3 a6 19. Kh1 Qh5 20. Rxd8 Rxd8 21.
Rd1 Rf8 22. Qf2 g5 23. Bc5 Re8 24. Rd7 g4 25. Qg3 Ne2 26. Qxg4 Qh6 27. Be3 Qg6
28. Qxg6 hxg6 29. g3 1-0

[Event "Hillerod Byturnering Basis 1 2004"]
[Site "Hillerod"]
[Date "2004.05.25"]
[Round "5"]
[White "Seidenfaden, Borge"]
[Black "Pedersen, Christopher RNH"]
[Result "1/2-1/2"]
[WhiteElo "1754"]
[BlackElo "1601"]
[PlyCount "45"]
[EventDate "2004.??.??"]

1. e4 e5 2. Nf3 Nc6 3. d4 exd4 4. Nxd4 Nf6 5. Nxc6 bxc6 6. Bd3 d5 7. exd5 cxd5
8. Bg5 c6 9. O-O Be6 10. c3 Bd6 11. h3 O-O 12. Qf3 h6 13. Bh4 Rb8 14. b4 c5 15.
bxc5 Bxc5 16. Nd2 Be7 17. Nb3 Rb6 18. Rac1 Nd7 19. Bxe7 Qxe7 20. Qe3 Rc8 21. c4
dxc4 22. Rxc4 Rxc4 23. Bxc4 1/2-1/2

[Event "Hillerod Byturnering Basis 1 2004"]
[Site "Hillerod"]
[Date "2004.06.08"]
[Round "7"]
[White "Svendsen, Niels Leth"]
[Black "Pedersen, Poul"]
[Result "1/2-1/2"]
[WhiteElo "1707"]
[BlackElo "1564"]
[PlyCount "39"]
[EventDate "2004.??.??"]

1. d4 d5 2. Nf3 e6 3. Bf4 Nf6 4. e3 Nbd7 5. Nbd2 c5 6. c3 Be7 7. Bd3 Nh5 8. O-O
Nxf4 9. exf4 Nf6 10. Re1 O-O 11. g3 c4 12. Bc2 b5 13. a3 Bd7 14. Qe2 Re8 15.
Ne5 a5 16. Ndf3 h6 17. g4 g6 18. h3 Nh7 19. Qe3 Kg7 20. Kg2 1/2-1/2

[Event "Hillerod Byturnering Basis 1 2004"]
[Site "Hillerod"]
[Date "2004.06.08"]
[Round "7"]
[White "Sondergaard, Jens"]
[Black "Pedersen, Christopher RNH"]
[Result "0-1"]
[WhiteElo "1642"]
[BlackElo "1601"]
[PlyCount "78"]
[EventDate "2004.??.??"]

1. e4 c5 2. Nf3 d6 3. Nc3 Nf6 4. d3 g6 5. Be2 Bg7 6. Be3 Nc6 7. O-O O-O 8. Ne1
a6 9. a3 b5 10. f4 Qc7 11. Rb1 e6 12. h3 Ne7 13. Qd2 d5 14. Nd1 dxe4 15. Nf2
Rd8 16. Qc1 exd3 17. Nexd3 c4 18. Ne5 Nfd5 19. Bd2 Bxe5 20. fxe5 Qxe5 21. Bf3
Bb7 22. Ng4 Qd4+ 23. Kh1 f5 24. c3 Qg7 25. Bh6 Qh8 26. Qe1 Rd6 27. Ne5 Qf6 28.
g4 g5 29. Bxg5 Qxg5 30. Rg1 f4 31. h4 Qg7 32. g5 Ng6 33. Ng4 Ne3 34. Nh6+ Kf8
35. Qf2 Nxh4 36. Qxh4 Bxf3+ 37. Kh2 Rd2+ 38. Kh3 e5 39. Rbf1 Qd7+ 0-1

[Event "Hillerod Byturnering Basis 1 2004"]
[Site "Hillerod"]
[Date "2004.06.08"]
[Round "7"]
[White "Seidenfaden, Borge"]
[Black "Paulsen, Laurids"]
[Result "1/2-1/2"]
[WhiteElo "1754"]
[BlackElo "1615"]
[PlyCount "109"]
[EventDate "2004.??.??"]

1. e4 e5 2. Nf3 Nc6 3. d4 exd4 4. Nxd4 Bc5 5. Be3 Qf6 6. c3 Nge7 7. Bc4 Ne5 8.
Be2 O-O 9. O-O d6 10. Nd2 N7g6 11. f4 Nc6 12. Nc4 Qe7 13. Qd3 Bd7 14. Rae1 Rfe8
15. Nd2 a6 16. Bd1 Nxd4 17. Bxd4 Bxd4+ 18. Qxd4 Bc6 19. Bc2 Qh4 20. Qe3 Re7 21.
g3 Qh3 22. Rf2 Rae8 23. Rfe2 f5 24. Qf2 fxe4 25. Nxe4 Bb5 26. Re3 Kh8 27. a4
Bc6 28. Ng5 Rxe3 29. Rxe3 Qg4 30. Rxe8+ Bxe8 31. Qe3 Qd7 32. f5 Qe7 33. Qe6
Qxe6 34. Nxe6 Ne5 35. Nxc7 Bc6 36. Kf2 Ng4+ 37. Ke2 Nxh2 38. Ke3 Nf1+ 39. Kf4
Nd2 40. Ne6 Nc4 41. b4 h6 42. a5 b6 43. axb6 Nxb6 44. Nc7 Nd5+ 45. Nxd5 Bxd5
46. Bd3 Bb7 47. Be4 Bc8 48. Bc6 Kg8 49. Ke4 Kf8 50. g4 Ke7 51. Kf4 Kf6 52. Be8
Bb7 53. Ba4 Bd5 54. Bc2 Bc4 55. Be4 1/2-1/2